Handbook of risk and crisis communication / (Record no. 134432)

MARC details
000 -LEADER
fixed length control field 01104cam a2200277 a 4500
001 - CONTROL NUMBER
control field vtls003215231
003 - CONTROL NUMBER IDENTIFIER
control field MY-SjTCS
005 - DATE AND TIME OF LATEST TRANSACTION
control field 20200226114543.0
008 - FIXED-LENGTH DATA ELEMENTS--GENERAL INFORMATION
fixed length control field 110218s2008 nyua bf 001 0 eng
020 ## - INTERNATIONAL STANDARD BOOK NUMBER
International Standard Book Number 9780805857771 (hbk.)
020 ## - INTERNATIONAL STANDARD BOOK NUMBER
International Standard Book Number 9780805857788 (pbk.)
020 ## - INTERNATIONAL STANDARD BOOK NUMBER
International Standard Book Number 9780203891629 (ebk.)
039 #9 - LEVEL OF BIBLIOGRAPHIC CONTROL AND CODING DETAIL [OBSOLETE]
Level of rules in bibliographic description 201104140855
Level of effort used to assign nonsubject heading access points wilmina
Level of effort used to assign subject headings 201103031357
Level of effort used to assign classification masrina
Level of effort used to assign subject headings 201102181733
Level of effort used to assign classification VLOAD
Level of effort used to assign subject headings 201102181733
Level of effort used to assign classification VLOAD
-- 201101071422
-- malathy
082 00 - DEWEY DECIMAL CLASSIFICATION NUMBER
Classification number 658.45
Item number HAN 2010
245 00 - TITLE STATEMENT
Title Handbook of risk and crisis communication /
Statement of responsibility, etc. edited by Robert L. Heath, H. Dan O'Hair.
260 ## - PUBLICATION, DISTRIBUTION, ETC.
Place of publication, distribution, etc. New York :
Name of publisher, distributor, etc. Routledge,
Date of publication, distribution, etc. 2010.
300 ## - PHYSICAL DESCRIPTION
Extent xii, 683 p. :
Other physical details ill. ;
Dimensions 26 cm.
504 ## - BIBLIOGRAPHY, ETC. NOTE
Bibliography, etc. note Includes bibliographical references and index.
650 #0 - SUBJECT ADDED ENTRY--TOPICAL TERM
Topical term or geographic name entry element Risk management
Form subdivision Handbooks, manuals, etc.
9 (RLIN) 26512
650 #0 - SUBJECT ADDED ENTRY--TOPICAL TERM
Topical term or geographic name entry element Crisis management
Form subdivision Handbooks, manuals, etc.
650 #0 - SUBJECT ADDED ENTRY--TOPICAL TERM
Topical term or geographic name entry element Emergency management
Form subdivision Handbooks, manuals, etc.
650 #0 - SUBJECT ADDED ENTRY--TOPICAL TERM
Topical term or geographic name entry element Communication in management
Form subdivision Handbooks, manuals, etc.
700 1# - ADDED ENTRY--PERSONAL NAME
Personal name Heath, Robert L.
Fuller form of name (Robert Lawrence),
Dates associated with a name 1941-
9 (RLIN) 24990
700 1# - ADDED ENTRY--PERSONAL NAME
Personal name O'Hair, Dan.
9 (RLIN) 14554
920 ## - Programme
Programme SOC : 159615
Holdings
Withdrawn status Lost status Source of classification or shelving scheme Damaged status Not for loan Home library Current library Date acquired Cost, normal purchase price Total Checkouts Barcode Date last seen Date last checked out Copy number Uniform Resource Identifier Cost, replacement price Koha item type Public note
    Dewey Decimal Classification     Taylor's Library-TU Taylor's Library-TU 14/02/2011 296.84 12 5000112693 13/05/2022 21/04/2022 1 Floor 4, Shelf 26 , Side 1, TierNo 2, BayNo 5 296.84 Main Collection SOMAC,09050,03,GR